LEADER 00877nam0 22002771i 450 001 990002108600403321 005 20061027100838.0 035 $a000210860 035 $aFED01000210860 035 $a(Aleph)000210860FED01 035 $a000210860 100 $a20030910d1994----km-y0itay50------ba 101 0 $aita 102 $aIT 200 1 $aAssemblea Generale Ordinaria dei Partecipanti$etenuta in Roma il giorno 31 maggio 1994$eanno 1993 Centesimo esercizio$fBanca d'Italia 210 $aRoma$cCentro stampa della Banca d'Italia$d1994 215 $a3 v. 29 cm 610 0 $aOrganizzazioni - rapporti 710 02$aBanca d'Italia$072164 801 0$aIT$bUNINA$gRICA$2UNIMARC 901 $aBK 912 $a990002108600403321 952 $a62 06.055.5-004 BAN$bDEPA$fDAGEA 959 $aDAGEA 996 $aAssemblea Generale Ordinaria dei Partecipanti$9394483 997 $aUNINA LEADER 01293oam 2200421zu 450 001 9911006608003321 005 20251126012328.0 010 $a1-60119-805-1 035 $a(CKB)1000000000810812 035 $a(SSID)ssj0000071834 035 $a(PQKBManifestationID)12014641 035 $a(PQKBTitleCode)TC0000071834 035 $a(PQKBWorkID)10093522 035 $a(PQKB)10379869 035 $a(EXLCZ)991000000000810812 100 $a20160829d2007 uy 101 0 $aeng 181 $ctxt 182 $cc 183 $acr 200 10$aEnergy Conservation Guidebook 210 31$a[Place of publication not identified]$cFairmont Press Incorporated$d2007 300 $aBibliographic Level Mode of Issuance: Monograph 311 08$a0-8493-9178-4 606 $aMechanical Engineering$2HILCC 606 $aEngineering & Applied Sciences$2HILCC 606 $aMechanical Engineering - General$2HILCC 615 7$aMechanical Engineering 615 7$aEngineering & Applied Sciences 615 7$aMechanical Engineering - General 700 $aPatrick$b Dale R.$027422 702 $aFardo$b Stephen 702 $aRichardson$b Ray E.$f1961- 801 0$bPQKB 906 $aBOOK 912 $a9911006608003321 996 $aEnergy Conservation Guidebook$94387604 997 $aUNINA